Benfica All-Time Starting XI - Statistics

General Stats
  • This quiz has been taken 91 times
  • The average score is 4 of 13
Answer Stats
Position Player % Correct
FW (1961-75) Eusébio
99%
MF (1990-94/2006-08) Rui Costa
61%
DF (2003-18) Luisão
60%
FW (1950-63) José Águas
45%
MF (1954-70) Mário Coluna
40%
Coach (1959-62/65-66) Béla Guttmann
38%
GK (1972-92) Manuel Bento
29%
DF (1968-75/77-84) Humberto Coelho
21%
12th player (1968-86) Nené
20%
FW (1959-69) José Augusto
16%
DF (1955-69) Domiciano Cavém
11%
MF (1960-66) Germano
6%
DF (1981-90) Álvaro
1%
No matching quizzes found
Score Distribution
Percent of People with Each Score
Percentile by Number Answered
Your Score History
You have not taken this quiz